Central Library OPAC University of Rajshahi

Dynastic history of Bengal : (Record no. 79910)

MARC details
000 -LEADER
fixed length control field 00744nam a2200229 a 4500
001 - CONTROL NUMBER
control field 79910
003 - CONTROL NUMBER IDENTIFIER
rucl marc code BD-RjUL
005 - DATE AND TIME OF LATEST TRANSACTION
control field 20220605130720.0
008 - FIXED-LENGTH DATA ELEMENTS--GENERAL INFORMATION
fixed length control field 220605s1967 pk abj b 000 0 eng d
035 ## - SYSTEM CONTROL NUMBER
System control number (BD-RjUL)79910
040 ## - CATALOGING SOURCE
Original cataloging agency DLC
Transcribing agency DLC
Modifying agency EQO
-- BD-RjUL
Language of cataloging eng
041 ## - LANGUAGE CODE
Language code of text/sound track or separate title eng
082 0# - DEWEY DECIMAL CLASSIFICATION NUMBER
Edition number 23
Classification number 954.14021
Author mark and year CHD 1967
100 ## - MAIN ENTRY--PERSONAL NAME
Personal name Chowdhury, Abdul Momin
9 (RLIN) 3409
245 10 - TITLE STATEMENT
Title Dynastic history of Bengal :
Remainder of title (c. 750-1200 A.D) /
Statement of responsibility, etc. Abdul Momin Chowdhury
260 ## - PUBLICATION, DISTRIBUTION, ETC. (IMPRINT)
Place of publication, distribution, etc. Dacca :
Name of publisher, distributor, etc. Asiatic Society of Pakistan,
Date of publication, distribution, etc. 1967
300 ## - PHYSICAL DESCRIPTION
Pagination xiv, 310 p.;
Illustrations illus.,
Size 26 cm.
504 ## - BIBLIOGRAPHY, ETC. NOTE
Bibliography, etc Includes bibliography and index.
651 #0 - SUBJECT ADDED ENTRY--GEOGRAPHIC NAME
Geographic name Bengal (India)
General subdivision History
9 (RLIN) 3410
830 #0 - SERIES ADDED ENTRY--UNIFORM TITLE
Uniform title Asiatic Society of Pakistan publications ;
Volume number/sequential designation no. 21
942 ## - ADDED ENTRY ELEMENTS (KOHA)
Source of classification or shelving scheme Dewey Decimal Classification
Koha item type Books
Holdings
Lost status Source of classification or shelving scheme Damaged status Not for loan Collection code Permanent Location Current Location Shelving location Date acquired Source of acquisition Total Checkouts Full call number Date last seen Copy number Koha item type
  Dewey Decimal Classification   Not For Loan Non-fiction Central Library, University of Rajshahi Central Library, University of Rajshahi Reading Room 11/08/1963 Asiatic Society   954.14021 CHD 1967 05/06/2022 C-1 Books